Lipids in modern nutrition /

Bibliographic Details
Corporate Author: Nestlé Nutrition Research Symposium
Other Authors: Horisberger, Marc, Bracco, Umberto
Format: Conference Proceeding Book
Language:English
Published: New York : Raven Press, [1987]
Series:Nestlé Nutrition workshop series ; v. 13.
Subjects:

MARC

Tag First Indicator Second Indicator Subfields
LEADER 00000cam a2200000 a 4500
001 in00000009694
005 20151007051637.0
008 870501s1987 nyua b 10100 eng d
010 |a  86043184  
020 |a 0881672947 
035 |a (OCoLC)16004618 
035 |9 AAA4068AM 
040 |a DNLM/DLC  |c DLC  |d OCL  |d TXA  |d UtOrBLW 
049 |a TXAM  |c [A11034328] 
050 0 0 |a QP751  |b .L557 1987 
082 0 |a 612/.397  |2 19 
245 0 0 |a Lipids in modern nutrition /  |c editors, Marc Horisberger, Umberto Bracco. 
264 1 |a New York :  |b Raven Press,  |c [1987] 
264 4 |c ©1987 
300 |a xv, 248 pages :  |b illustrations ;  |c 24 cm. 
336 |a text  |b txt  |2 rdacontent 
337 |a unmediated  |b n  |2 rdamedia 
338 |a volume  |b nc  |2 rdacarrier 
490 1 |a Nestlé Nutrition workshop series ;  |v v. 13 
500 |a Papers were presented at the Second Nestlé Nutrition Research Symposium, held in Vevey, Switzerland, Sept., 26-27, 1985. 
504 |a Includes bibliographies and index. 
650 0 |a Lipids in nutrition  |x Congresses. 
700 1 |a Horisberger, Marc. 
700 1 |a Bracco, Umberto. 
711 2 |a Nestlé Nutrition Research Symposium  |n (2nd :  |d 1985 :  |c Vevey, Switzerland) 
830 0 |a Nestlé Nutrition workshop series ;  |v v. 13. 
999 |a MARS 
999 f f |s b80e65f7-1946-39b4-b3d3-a42e26f29b1f  |i a24cd13e-58f2-3f00-ad76-6279348cc4d0  |t 0 
952 f f |p ric  |a Texas A&M University  |b Rellis Campus  |c Joint Library Facility  |d Remote Storage  |t 0  |e QP751 .L557 1987  |h Library of Congress classification  |i unmediated -- volume  |m A14811034328 
998 f f |a QP751 .L557 1987  |t 0  |l Remote Storage